00598nam a2200169Ia 4500008004100000020001800041082001400059100001900073245002500092260005100117300003400168490002800202600002100230942000700251952015300258999001700411250611s9999 xx 000 0 und d a9780003701524 a428.6 HOC aHocken, Sheila 0aEmma and I:bLevel 3 aGreat Britain:bCollins English Library,c1984 a64p.b:includes illustrations aCollins English Library aEnglish Language cGB 00104070aUITUbUITUcGIFd2025-06-11eGifted by Mr. Anzar Alaml0o428.6 HOCpG289r2025-06-11 11:30:45w2025-06-11yGBzGifted by Mr. Anzar Alam c31456d31456